000
00367nam a2200145Ia 4500
008
231129s1985||||xx |||||||||||||| ||spa||
020
_a
84-7634-185-7
040
_b
spa
082
_a
940.3 R419pr
100
_a
Renouvin Pierre
245
0
_a
La primera guerra mundial
260
_c
1985
264
_a
Orbis
942
_2
ddc
_c
BKS
999
_c
17989
_d
17989